The American Journey / (Record no. 10104)

000 -LEADER
fixed length control field 00743nam a2200241 a 4500
003 - CONTROL NUMBER IDENTIFIER
control field PK-NaQUE
005 - DATE AND TIME OF LATEST TRANSACTION
control field 20251218104002.0
008 - FIXED-LENGTH DATA ELEMENTS--GENERAL INFORMATION
fixed length control field 251218b ||||| |||| 00| 0 eng d
020 ## - INTERNATIONAL STANDARD BOOK NUMBER
International Standard Book Number 0078953642 (hardcover)
020 ## - INTERNATIONAL STANDARD BOOK NUMBER
International Standard Book Number 9780078953644 (hardcover)
040 ## - CATALOGING SOURCE
Transcribing agency QUEST
100 1# - MAIN ENTRY--PERSONAL NAME
Personal name Appleby, Joyce Oldham.
245 14 - TITLE STATEMENT
Title The American Journey /
250 ## - EDITION STATEMENT
Edition statement Har/Psc St ed.
260 ## - PUBLICATION, DISTRIBUTION, ETC. (IMPRINT)
Place of publication, distribution, etc [S.l.] :
Name of publisher, distributor, etc Glencoe/Mcgraw-Hill,
Date of publication, distribution, etc 2011.
300 ## - PHYSICAL DESCRIPTION
Extent 1116 p. ;
650 ## - SUBJECT ADDED ENTRY--TOPICAL TERM
Topical term or geographic name as entry element United States--History--Textbooks
650 ## - SUBJECT ADDED ENTRY--TOPICAL TERM
Topical term or geographic name as entry element United States--History--Study and teaching (Middle school)
700 1# - ADDED ENTRY--PERSONAL NAME
Personal name Brinkley, Alan.
700 1# - ADDED ENTRY--PERSONAL NAME
Personal name McPherson, James M.
856 40 - ELECTRONIC LOCATION AND ACCESS
Uniform Resource Identifier http://10.10.170.122:8080/browse/book/29181
Link text Download eBook
942 ## - ADDED ENTRY ELEMENTS (KOHA)
Koha item type Books
Source of classification or shelving scheme
Holdings
Withdrawn status Lost status Damaged status Not for loan Permanent Location Current Location Date acquired Full call number Barcode Date last seen Price effective from Koha item type
        Central Library, QUEST, Nawabshah Central Library, QUEST, Nawabshah 2014-09-18 973.31APP D613 2014-09-18 2014-09-18 Books
        Central Library, QUEST, Nawabshah Central Library, QUEST, Nawabshah 2014-09-18 973.31APP D615 2014-09-18 2014-09-18 Books
        Central Library, QUEST, Nawabshah Central Library, QUEST, Nawabshah 2014-09-18 973.31APP D616 2014-09-18 2014-09-18 Books
        Central Library, QUEST, Nawabshah Central Library, QUEST, Nawabshah 2014-09-18 973.31APP D617 2018-10-25 2014-09-18 Books
        Central Library, QUEST, Nawabshah Central Library, QUEST, Nawabshah 2014-09-18 973.31APP D620 2014-09-18 2014-09-18 Books
        Reference Section Reference Section 2014-09-18 973.31APP (Shelf-99A) D612 2014-09-18 2014-09-18 Books
        Reference Section Reference Section 2014-09-18 973.31APP (Shelf-99A) D614 2014-09-18 2014-09-18 Books
        Reference Section Reference Section 2014-09-18 973.31APP (Shelf-99A) D618 2014-09-18 2014-09-18 Books
        Reference Section Reference Section 2014-09-18 973.31APP (Shelf-99A) D619 2014-09-18   Books

Copyright © 2018,The QUEST, Nawabshah, Shaheed Benazirabad. All rights reserved
Mr. G. Farooq Channar (Librarian) QUEST, Nawabshah, Sindh, Pakistan 67480.
 Ph#: |   0244-9370381-4 Ext. 2308   Email| [email protected]   Web|  http://www.quest.edu.pk